000 00598nam a2200205Ia 4500
003 GCL
008 140319s9999 xx 000 0 ara d
040 _aGCL /
_cGCL
082 0 4 _a891.7
_bج ع
100 1 _aعدلى كامل (ترجمة)
245 1 0 _aالعبودية /
_cعدلى كامل (ترجمة)
700 1 _aجوركى، ماكسيم
300 _a158 ص
490 _a
650 0 4 _aالادب الروسى
650 0 4 _aالقصص الروسية المترجمة
650 0 4 _aالقصص الروسية
650 0 4 _aالادب الروسى المترجم
942 _2ddc
_cBK
999 _c40419
_d40419